Povesti i rasskazy /

Bibliographic Details
Main Author: Shmelev, I. S. (Ivan Sergeevich), 1873-1950
Format: Book
Language:Russian
Published: Moskva : Gos. izd-vo khudozh. lit-ry, 1960.

MARC

Tag First Indicator Second Indicator Subfields
LEADER 00000cam a2200000I 4500
001 in00001732829
005 20151214141301.0
008 801118s1960 ru 000 1 rus d
035 |a (OCoLC)ocm06951441 
040 |a FHM  |c FHM  |d OCL  |d TXA  |d UtOrBLW 
049 |a TXAM 
090 |a PG3476.S5  |b A6 1960 
100 1 |a Shmelev, I. S.  |q (Ivan Sergeevich),  |d 1873-1950. 
245 1 0 |a Povesti i rasskazy /  |c [Predisl. i primechanii︠a︡ O. Mikhaĭlova]. 
264 1 |a Moskva :  |b Gos. izd-vo khudozh. lit-ry,  |c 1960. 
300 |a 461 pages 
336 |a text  |b txt  |2 rdacontent 
337 |a unmediated  |b n  |2 rdamedia 
338 |a volume  |b nc  |2 rdacarrier 
500 |a In Cyrillic characters. 
948 |a cataloged  |b h  |c 2003/4/5  |d c  |e spoltoratski  |f 2:24:16 pm 
994 |a E0  |b TXA 
999 |a MARS 
999 f f |s e40ebcaf-c976-3616-9eb6-924621c999b0  |i 17ef3abf-75e3-307b-a80a-58c6fb96d133  |t 0 
952 f f |p ric  |a Texas A&M University  |b Rellis Campus  |c Joint Library Facility  |s JLF  |d Remote Storage  |t 0  |e PG3476.S5 A6 1960  |h Library of Congress classification  |i unmediated -- volume  |m A14829827573 
998 f f |a PG3476.S5 A6 1960  |t 0  |l Remote Storage